Statistics for Twelve Days of Christmas Quiz

Click here to take the quiz!

General Stats

  • This quiz has been taken 97,049 times
  • The average score is 9 of 12

Answer Stats

DayGift% Correct
5Five Golden Rings
96%
2Two Turtle Doves
94%
1A Partridge in a Pear Tree
92%
3Three French Hens
90%
4Four Calling Birds
78%
8Eight Maids a-Milking
75%
6Six Geese a-Laying
72%
7Seven Swans a-Swimming
68%
10Ten Lords a-Leaping
65%
9Nine Ladies Dancing
62%
11Eleven Pipers Piping
62%
12Twelve Drummers Drumming
62%

Score Distribution

Percentile by Number Answered

Percent of People with Each Score

Your Score History

You have not taken this quiz